Taylor Swift - Hits Different Lyrics - Statistics

General Stats
  • This quiz has been taken 148 times
    147 since last reset
  • The average score is 410 of 459
Answer Stats
Answer % Correct
I
100%
a
99%
A
99%
by
99%
different
99%
do
99%
hits
99%
is
99%
Is
99%
It
99%
it
99%
lie
99%
love
99%
me
99%
my
99%
(My
99%
on
99%
this
99%
This
99%
time
99%
to
99%
To
99%
You
99%
you
99%
you)
99%
you?
99%
an
97%
'cause
97%
('Cause
97%
for
97%
get
97%
in
97%
In
97%
it's
97%
Oh
97%
say
97%
the
97%
and
96%
And
96%
(And
96%
friends
96%
that
96%
was
94%
of
93%
They
93%
they
93%
your
93%
always
91%
blues
91%
easy
91%
Then
91%
then
91%
at
90%
girl
90%
Shit
90%
so
90%
don't
89%
Don't
89%
just
89%
Like
89%
like
89%
Movin'
89%
never
89%
street
89%
with
89%
if
87%
off
87%
up
87%
were
87%
Why
87%
why
87%
Catastrophic
86%
felt
86%
one
86%
threw
86%
door
84%
door?
84%
ever
84%
girls
84%
has
84%
know
84%
pictured
84%
bar
83%
come
83%
cry
83%
cry)
83%
other
83%
us
83%
club
81%
dream
81%
key
81%
made
81%
right
81%
away?
80%
away
80%
take
80%
wrong
80%
kill
79%
mess
79%
our
79%
out
79%
some
79%
bus
77%
Each
77%
hallway
77%
have
77%
heard
77%
loved
77%
need
77%
plays
77%
shouldn't
77%
song
77%
car
76%
down
76%
guy
76%
hands
76%
main
76%
Nothing
76%
shows
76%
waiting
76%
walkin'
76%
while
76%
wrinkle
76%
contagious
74%
contagious)
74%
enough
74%
once
74%
sadness
74%
simple
74%
believed
73%
Or
73%
sense
73%
world
73%
asshole
71%
Dreams
71%
eyes
71%
heart
71%
start
71%
still
71%
stopped
71%
town
71%
turn
71%
invitations
70%
needed
70%
Now
70%
outlaw
70%
washed
70%
artifacts
69%
I'd
69%
metaphor
69%
name
69%
over
69%
puts
69%
someone
69%
summer
69%
'til
69%
used
69%
bleedin'
67%
coast
67%
could
67%
Freedom
67%
good
67%
hair
67%
make
67%
okay?
67%
receiving
67%
sand
67%
skip
67%
Yeah
67%
Argumentative
66%
hurts
66%
these
66%
another
64%
feelings
64%
find
64%
Kens
64%
space
64%
wound
64%
evidence
63%
ghost
63%
held
63%
melt
63%
switch
63%
band-aid
61%
belief
61%
burns
61%
cried
61%
hat
61%
Rip
61%
Cursed
60%
slur
59%
sun
59%
crease
54%
trace
54%
stare
53%
antithetical
51%
Bet
44%
No matching quizzes found
Score Distribution
Percent of People with Each Score
Percentile by Number Answered
Your Score History
You have not taken this quiz since the last reset